"A" City Pairs - Statistics

General Stats
  • This quiz has been taken 10 times
  • The average score is 9 of 15
Answer Stats
Hint Answer % Correct
Austin & Atlanta United States
100%
Antwerp & Aalst Belgium
90%
Armadale & Adelaide Australia
80%
Acton & Ashford United Kingdom
80%
Anshan & Anyang China
70%
Abidjan & Abobo Ivory Coast (Côte d'Ivoire)
70%
Almaty & Astana Kazakhstan
70%
Al Marj & Al Bayda' Libya
60%
Arandas & Azcapotzalco Mexico
60%
Americana & Aruja Brazil
50%
Angers & Arles France
50%
Azov & Alder Russia
50%
Antofagasta & Arica Chile
20%
Anmore & Ajax Canada
10%
Alberton & Atlantis South Africa
10%
No matching quizzes found
Score Distribution
Percent of People with Each Score
Percentile by Number Answered
Your Score History
You have not taken this quiz